| 000 | 00851cam a22002777a 4500 | ||
|---|---|---|---|
| 003 | CHAP | ||
| 005 | 20220817042334.0 | ||
| 008 | 971013s1975 r 00010 d | ||
| 010 | _a41377 | ||
| 011 | _a42349 | ||
| 035 | _a46478 | ||
| 040 | _cCHAP | ||
| 082 |
_a636.293 _bF33 |
||
| 110 | _aFood and Fertilizer Technology Center for the Asian and Pacific Region | ||
| 245 | 1 | 4 | _aThe asiatic water buffalo |
| 260 |
_aTaiwan : _b(s.e.), _c1975 |
||
| 300 |
_a325 p. _b: gráfs. ; láms. |
||
| 590 |
_aBATCH-UPD _b10 _c20130110 _lUCH01 _h1453 |
||
| 590 |
_aBATCH-UPD _b10 _c20130410 _lUCH01 _h0919 |
||
| 590 |
_aBATCH-UPD _b10 _c20130914 _lUCH01 _h0746 |
||
| 590 |
_aCONVERSION _b10 _c20130109 _lUCH01 _h1323 |
||
| 650 | 1 | 4 |
_aBúfalos. _914737 |
| 901 | _aBK | ||
| 942 | _cLIBRO | ||
| 949 |
_a636.293 F33 _bBC _cLIBRO _d33724000113064 _eLIBRO _h34958 _i46478 _mD _si |
||
| 999 |
_c41377 _d41377 |
||